Thomas Glavinic: Das bin doch ich

Bibliographic Details
Main Author: Petraško, Ľudovít, 1949- (Author)
Format: Article
Language:Slovak
ISSN:0231-6269
Subjects:

MARC

LEADER 00000nab a2200000 a 4500
001 vtls009331076
003 SK-MaSNL
005 20260304154517.0
008 250507c2008 xo |r|p|||||||000 b|slo
015 |a SNBRB2008/09  |2 snkbucl 
035 |a (uuid)a3c59d4d-a6f7-4f40-b510-4c0cd5444a43 
035 |a urn:nbn:sk:snk-abc44b 
035 |a (urnnbn)urn:nbn:sk:snk:ar-004fd8 
038 |a SNKBUCL 
040 |a SNKBUCL  |b slo  |c SNKBUCL  |e AACR2 
041 0 |a slo 
044 |a xo  |c SK 
080 |a 82.09:821.112.2 (436)-311.1  |x (048)  |2 2001 
080 |a 821.112.2 (436)-311.1  |x (048)  |2 2001 
100 1 |a Petraško, Ľudovít,  |d 1949-  |4 aut  |9 89986 
245 1 0 |a Thomas Glavinic: Das bin doch ich  |c Ľudovít Petraško 
650 0 7 |a rakúske romány  |2 snkbucl  |9 993412 
655 7 |a články z novín a časopisov  |2 snkbucl  |9 267496 
655 7 |a recenzie  |2 snkbucl  |9 21907 
773 0 |t Revue svetovej literatúry  |g Roč. XLIV, č. 2 (2008), s. 129-130  |x 0231-6269 
787 0 8 |i Rec.:  |a Glavinic, Thomas  |t Das bin doch ich  |d München : Carl Hanser Verlag, 2007 
850 |a Slovenská národná knižnica 
852 |a Slovenská národná knižnica 
954 |a odborná, vedecká literatúra pôvodná (slovenská)  |2 lita 
958 |a article15 
958 |a OND 
958 |a LX 
958 |a AT 
958 |a RC 
958 |a EUIPO 
999 |c 2957968  |d 2959898